| 000 | 01233nam a22002177a 4500 | ||
|---|---|---|---|
| 999 |
_c63181 _d63181 |
||
| 003 | Ge_BSU | ||
| 005 | 20250619171928.0 | ||
| 008 | 250619s2025 ge ||||| |||| 00| 0 geo d | ||
| 020 | _a9789941384868 | ||
| 041 | _ageo | ||
| 080 | _a338.02 : 005.511 თ-60 | ||
| 100 |
_aთილი, პ. _925465 |
||
| 245 |
_aნულიდან ერთამდე : _b(როგორ შევქმნათ საკუთარი მომავალი) : გზამკვლევი სტარტაპებისთვის / _cპიტერ თილი, ბლეიკ მასტერსი; რედ. თ. ბარამაშვილი, ს. საბანაძე, ს. კვარაცხელია და სხვ. |
||
| 264 |
_aთბილისი : _bპალიტრა L, _c2025. |
||
| 300 |
_a245 გვ.: _bილ.; _c21 სმ. |
||
| 700 |
_aმასტერსი, ბ. _eავტორი _925466 |
||
| 700 |
_aბარამაშვილი, თ. _eრედაქტორი _925467 |
||
| 700 |
_aსაბანაძე, ს. _eრედაქტორი _925468 |
||
| 700 |
_aკვარაცხელია _eრედაქტორი _925469 |
||
| 942 |
_2udc _cᲬᲘᲒᲜᲘ |
||